| 000 | 01092nam a22003015a 4500 | ||
|---|---|---|---|
| 003 | OSt | ||
| 005 | 20201128024148.0 | ||
| 008 | 170705s2014 ua fr 000 0 ara d | ||
| 020 | _a9789933505363 | ||
| 040 |
_aEG-ScBUE _bara _cEG-ScBUE |
||
| 041 | 1 |
_aara _hund |
|
| 082 | 0 | 4 |
_222 _a327.2 _bف ا ل |
| 100 | 1 | _aفالثام، رالف جي. | |
| 245 | 1 | 2 |
_aالوافي في العمل الدبلوماسي / _cرالف جي. فالثام ؛ نقله إلى العربية عبد الفتاح عموره. |
| 250 | _aط. 1. | ||
| 260 |
_aدمشق : _bدار الفرقد للطباعة والنشر والتوزيع، _c2014. |
||
| 300 |
_a366 ص. ؛ _c24 سم. |
||
| 500 | _aيشتمل على قائمة مصطلحات. | ||
| 500 | _aيشتمل على ملاحق. | ||
| 541 | _aإهداء من أ. محمد فريد خميس. | ||
| 546 | _aمترجم للغة العربية. | ||
| 590 | _aدعاء | ||
| 650 | 7 |
_2BUEsh _aالدبلوماسية. _91733 |
|
| 651 | _2BUEsh | ||
| 653 |
_bGGEN _cJuly2017 |
||
| 700 | 1 |
_aعموره، عبد الفتاح. _eمترجم. |
|
| 942 | _2ddc | ||
| 999 |
_c24983 _d24955 |
||